000 00271nam a22001337a 4500
008 181006b xxu||||| |||| 00| 0 eng d
020 _a4063X
041 _aeng
080 _a573
100 _a11
101 _aBIO
245 _aBiology
_cSaltman, P.D
942 _2udc
_cBK
999 _c48969
_d48969